• 首页
  • 本馆介绍
  • 公告通知
  • 最新文献
  • 馆藏检索
  • 电子资源
  • 读者导购
  • 参考咨询
  • 我的图书馆
  • 登录
  • 详细信息显示
  • 放入我的书架
  • 预约/预借图书
  • 作者相关作品
  • 分类相关作品
  • 丛书相关作品
  • 出版社相关作品

书目信息

  • 表格格式
  • 工作单格式
  • 卡片格式
题名:
最高的战争
    
 
作者: 纽豪斯 著 ;宁凡 译
分册:  
出版信息: 北京   北京师范大学出版社  2007
页数: 270页
开本: 24cm
丛书名:
单 册:
中图分类: F416.5
科图分类:
主题词: 飞机制造厂--市场竞争--概况--世界 , 飞机制造厂 , 市场竞争
电子资源:
ISBN: 978-7-303-08756-3
000 01435nam0 2200301 45
001 1029852632
005 20100428145633.07
010    @a978-7-303-08756-3@dCNY36.00
100    @a20100420d2007 em y0chiy50 ea
101 0  @achi
102    @aCN@b110000
105    @ay z 000yy
106    @ar
200 1  @a最高的战争@AZui Gao De Zhan Zheng@e波音与空客的全球竞争内幕@EBo Yin Yu Kong Ke De Quan Qiu Jing Zheng Nei Mu@dBoeing Versus airbus : the inside story of the greatest international competition in business@f(美) 约翰·纽豪斯(John Newhouse)著@F( Mei ) Yue Han· Niu Hao Si (John Newhouse) Zhu@g宁凡译@zeng
210    @a北京@c北京师范大学出版社@d2007
215    @a270页@d24cm
306    @a作者John Newhouse授权出版
330    @a20年弹指一挥间,波音与空客的竞争刚刚上演了序曲。回顾短暂的过去,航空制造业的竞争越来越直接地作用于它的用户,从航空公司到飞行员,从国家领袖到普通乘客。无论如何,这本特别的传记会向你展示一段精彩而别致的商业故事。
510 1  @aBoeing Versus airbus : inside story of the greatest international competition in business@zeng
517 1  @a波音与空客的全球竞争内幕@ABo Yin Yu Kong Ke De Quan Qiu Jing Zheng Nei Mu
606 0  @a飞机制造厂@x市场竞争@x概况@y世界
606 0  @a飞机制造厂
606 0  @a市场竞争
690    @aF416.5@v4
701  1 @a纽豪斯@ANiu Hao Si@g(Newhouse, John)@4著
702  0 @a宁凡@ANing Fan@4译
801  0 @aCN@bTANGWEI@c20100428
905    @b0593113-17@dF416.5@e11@f5
    
    最高的战争:波音与空客的全球竞争内幕=Boeing Versus airbus : the inside story of the greatest international competition in business/(美) 约翰·纽豪斯(John Newhouse)著/宁凡译.-北京:北京师范大学出版社,2007
    270页;24cm
    
    
    ISBN 978-7-303-08756-3:CNY36.00
    20年弹指一挥间,波音与空客的竞争刚刚上演了序曲。回顾短暂的过去,航空制造业的竞争越来越直接地作用于它的用户,从航空公司到飞行员,从国家领袖到普通乘客。无论如何,这本特别的传记会向你展示一段精彩而别致的商业故事。
●
相关链接 在E读中查询图书 在五车中查询图书 在当当中查询图书 在豆瓣中查询图书


正题名:最高的战争     索取号:F416.5/11         预约/预借

序号 登录号 条形码 馆藏地/架位号 状态 备注
1 0593113   205931134   第一样本阅览室/ [索取号:F416.5/11] 在馆    
2 0593114   205931143   第一借阅区/ [索取号:F416.5/11] 在馆    
3 0593115   205931152   第一借阅区/ [索取号:F416.5/11] 在馆    
4 0593116   205931161   第一借阅区/ [索取号:F416.5/11] 在馆    
5 0593117   205931170   第一借阅区/ [索取号:F416.5/11] 在馆    
唐山师范学院图书馆 欢迎您!
大连网信软件有限公司© 版权所有